00687nam a22001937a 450000500170000001000150001702000260003203500140005803700130007208200080008510000260009324500370011926000480015627000710020430000210027594200220029699900190031895201560033720260410154535.0 aENG-148215 a9789391091507c290.00 aEN-131747 bDBAD/PUB a821 aJernail Singh 988867 aCritical Review/cJernail Singh  aGurugrambThe Poetry Society of Indiac2022 aH-23/16, DLF Phase-IbGurugrame122002mthepoetrysoindia@gmail.com a149p.c22cm(pbk) 2ddccENh821mJER c215860d215860 001040718NFICaDBADbDBADd2026-04-10eDelivery of Books Act Divisiong290.00l0o821 JERpEN-131747r2026-04-10 15:45:57t1v290.00w2026-04-10yEN